000 01130cam a2200265 ia4500
003 SA-RiAUC
005 20250219074322.0
008 250219s1988 le g 00010 ara c
040 _aSA-RiAUC
_bara
_cSA-RiAUC
_erda
082 0 4 _a235.6
_qSA-RiAUC
090 _a235.6
_b ك و م
100 1 _aالكوماسي، محمد المنتقي الكشناوي
_eمؤلف.
245 1 2 _aالكواكب الوهاجة بشرح سنن الإمام الحافظ أبي عبد الله بن ماجه القزويني /
_cمحمد المنتقي الكشناوي الكوماسي.
250 _aالطبعة الأولى.
264 1 _aبيروت :
_bدار المطبوعات الإسلامية،
_c1988
300 _a2 مجلد ؛
_c24 سم
336 _aنص
_btxt
_2rdacontent
_3كتاب
337 _aبدون وسيط
_bn
_2rdamedia
338 _aمجلد
_bnc
_2rdacarrier
650 7 _aالحديث
_xسنن ابن ماجة
_2aucsh
700 1 2 _aابن ماجة، محمد بن يزيد الربعي،
_d209-273 هجري
740 0 2 _aسنن ابن ماجه.
942 _2ddc
_cBOOK
_n0
949 _aSA-JeALM
_d250219
_ueid123
_n1
999 _c6088
_d6088